| 000 | 01393nam a2200361 a 4500 | ||
|---|---|---|---|
| 001 | 000112556 | ||
| 003 | CHAP | ||
| 005 | 20220329144312.0 | ||
| 008 | 160616s2016 mx a fsm |||||||spa d | ||
| 010 | _a109017 | ||
| 011 | _a109989 | ||
| 040 | _cCHAP | ||
| 090 | _aTesis | ||
| 100 | 1 |
_aEspinosa Espinosa, Daniel _9130924 |
|
| 245 | 1 | 0 |
_aElaboración de un promotor de crecimiento homeopatico en la región de la Cienega de Chapala, Michoacan/ _h[En línea] _cpor Daniel Espinosa Espinosa. |
| 260 |
_aBermejillo, Dgo. : _bEl autor, _c2016. |
||
| 500 | _aPara ver el contenido del material haga clic en la liga | ||
| 502 | _aTesis (Ing. Agr. en Sistemas Pecuarios de Zonas Áridas) -- UACH. Unidad Regional Universitaria de Zonas Áridas | ||
| 590 |
_aE11695DGD _b10 _c20160620 _lUCH01 _h1107 |
||
| 590 |
_aE6096MTM _b05 _c20160616 _lUCH01 _h1253 |
||
| 590 |
_aE6096MTM _b05 _c20160616 _lUCH01 _h1255 |
||
| 590 |
_aE6096MTM _b05 _c20160616 _lUCH01 _h1258 |
||
| 590 |
_aE6096MTM _b05 _c20160616 _lUCH01 _h1258 |
||
| 650 | 1 | 4 |
_aGanado lanar _xAlimentación. _945153 |
| 650 | 1 | 4 |
_aGanado lanar _xAnabólicos efecto en. _9127154 |
| 650 | 1 | 4 |
_aGanado lanar _xCrecimiento. _945166 |
| 650 | 1 | 4 |
_aGanado lanar _xNutrición. _945205 |
| 650 | 1 | 4 |
_aGanado lanar _xPeso. _945211 |
| 856 |
_aFinding aid _uhttp://10.13.5.2/tesis/sist112556.pdf _zTeclea aquí |
||
| 901 | _aBK | ||
| 942 | _cTESIS | ||
| 942 | _n0 | ||
| 999 |
_c109017 _d109017 |
||